| 000 | 00483nam a2200181 i 4500 | ||
|---|---|---|---|
| 001 | 78157 | ||
| 003 | ES-MaACL | ||
| 005 | 20230921113257.0 | ||
| 007 | t| | ||
| 008 | 041011s1972 sp ||||1| spa d | ||
| 100 | 1 |
_aHart, Johnny. _961964 |
|
| 245 | 1 | 1 |
_a¡Hola B.C.! / _cpor Johnny Hart. |
| 260 |
_aSan Sebastián : _bBuru Lan, _c[1972] |
||
| 300 |
_a64 h. : _bil. ; _c18 cm. |
||
| 852 |
_aES-MaACL _jFC-46530 _bR.81478 _981078 |
||
| 942 | _2udc | ||
| 999 |
_c78157 _d78157 |
||